Electricity at work and related regulated regulations (Record no. 101959)

MARC details
000 -LEADER
fixed length control field 01027cam a2200253 4500
008 - FIXED-LENGTH DATA ELEMENTS--GENERAL INFORMATION
fixed length control field 020325n2002 000 0 eng u
020 ## - INTERNATIONAL STANDARD BOOK NUMBER
International Standard Book Number 1904126030
035 ## - SYSTEM CONTROL NUMBER
System control number (Sirsi) u117216
050 ## - LIBRARY OF CONGRESS CALL NUMBER
Classification number 614.836
100 ## - MAIN ENTRY--PERSONAL NAME
Personal name Marks, T.
245 ## - TITLE STATEMENT
Title Electricity at work and related regulated regulations
250 ## - EDITION STATEMENT
Edition statement 3rd ed.
260 ## - PUBLICATION, DISTRIBUTION, ETC.
Place of publication, distribution, etc. Nottingham
Name of publisher, distributor, etc. Radikal Phase
Date of publication, distribution, etc. 2002
300 ## - PHYSICAL DESCRIPTION
Extent x,183p.
Other physical details ill.
Dimensions 30cm.
350 ## - PRICE (NR) (BK AM CF MU VM SE) [OBSOLETE]
Price 25
520 ## - SUMMARY, ETC.
Summary, etc. Aimed at facilities managers and others supervising personnel using electricity at work this guide outlines the requirements of the various regulations. Includes maintenance schedules which will assist in the drawing up of instructions and specifications for the checking of electrical equipment and systems by external contractors.
650 ## - SUBJECT ADDED ENTRY--TOPICAL TERM
Topical term or geographic name entry element ELECTRICAL APPLIANCES
650 ## - SUBJECT ADDED ENTRY--TOPICAL TERM
Topical term or geographic name entry element ELECTRICAL EQUIPMENT
650 ## - SUBJECT ADDED ENTRY--TOPICAL TERM
Topical term or geographic name entry element ELECTRICAL WIRING
650 ## - SUBJECT ADDED ENTRY--TOPICAL TERM
Topical term or geographic name entry element ELECTRICITY
650 ## - SUBJECT ADDED ENTRY--TOPICAL TERM
Topical term or geographic name entry element ELECTRICITY AT WORK REGULATIONS 1989
690 ## - LOCAL SUBJECT ADDED ENTRY--TOPICAL TERM (OCLC, RLIN)
Topical term or geographic name as entry element BUILT ENVIRONMENT-BUILDING STANDARDS
942 ## - ADDED ENTRY ELEMENTS (KOHA)
Suppress in OPAC 0
Holdings
Withdrawn status Lost status Source of classification or shelving scheme Damaged status Not for loan Home library Current library Shelving location Date acquired Cost, normal purchase price Total Checkouts Full call number Barcode Date last seen Date last checked out Copy number Cost, replacement price Price effective from Koha item type
    Dewey Decimal Classification     London London Books 01/08/2002 25.00 1 614.836 MAR 30066375 06/08/2019 26/09/2002 1 25.00 06/08/2019 Book